000 nam a22 7a 4500
999 _c10906
_d10906
008 180308b ||||| |||| 00| 0 eng d
100 _aGupta,S.
_96716
245 _aThe Unclaimed Luggage
260 _aNew Delhi
_bLifi
_c2013